Prepojenie modelu výnimočnosti EFQM a vybraných manažérskych modelov

Charakteristika modelu výnimočnosti EFQM. Výkonový hranol. Potreby a túžby participujúcich skupín. Stratégie a procesy. Postupnosť ziskovosti služieb. Investovanie do ľudí.

Salvato in:
Dettagli Bibliografici
Autore principale: Malá, Denisa
Natura: Capitolo di libro
Lingua:slovacco
Soggetti:
Tags: Aggiungi Tag
Nessun Tag, puoi essere il primo ad aggiungerne!!

MARC

LEADER 00000naa$a2200000$$$4500
001 0078533
005 20231012065558.7
041 0 |a slo 
044 |a SK 
245 1 0 |a Prepojenie modelu výnimočnosti EFQM a vybraných manažérskych modelov  |c Denisa Malá 
520 |a Charakteristika modelu výnimočnosti EFQM. Výkonový hranol. Potreby a túžby participujúcich skupín. Stratégie a procesy. Postupnosť ziskovosti služieb. Investovanie do ľudí. 
610 2 0 |a modely 
610 2 0 |a manažment 
610 2 0 |a kvalita 
610 2 0 |a zisk 
610 2 0 |a služby 
610 2 0 |a investovanie 
100 1 |a Malá, Denisa